000 00299nam a2200121Ia 4500
008 240731s9999 xx 000 0 und d
022 _a1533-8525
245 4 _aThe Sociological Quarterly
260 _bRoutledge
856 _uhttps://www.tandfonline.com/loi/utsq20
942 _2ddc
942 _cTFEJ
999 _c80116
_d80116
945 _a1
_bMadushi Gamage
_c1
_dMadushi Gamage